| 000 | 00626 a2200205 4500 | ||
|---|---|---|---|
| 003 | OSt | ||
| 005 | 20180116182836.0 | ||
| 008 | 160506b xxu||||| |||| 00| 0 eng d | ||
| 020 | _a8186104399 (unknown binding) | ||
| 020 | _a9788186104392 (unknown binding) | ||
| 040 | _c0 | ||
| 100 | _aSnape,ED. | ||
| 245 | 0 | 4 |
_aThe best techniques for managing managers. _cSnape,ED. |
| 260 |
_a[S.l.] : _bBeacon Books, _c1997. |
||
| 300 | _a1 v. (unpaged) | ||
| 600 | _aSnape,ED. | ||
| 700 | _aSnape,ED. | ||
| 856 | 4 | 0 |
_3Amazon.com _uhttp://www.amazon.com/exec/obidos/ASIN/8186104399/chopaconline-20 |
| 942 |
_aNBS _cBK _k658.3 SNA _2ddc |
||
| 999 |
_c347079 _d347079 |
||